Une lettre suffit pour répondre juste #12 (attention 10 lettres tuent) - Statistiques

Statistiques générales
  • Ce quiz a été pris 76 fois
  • Le résultat moyen est 3 sur 6
Statistiques - réponses
Hint Réponse % Correct
Donne une des 5 lettres qui désigne ce que ne veut surtout pas croiser un coulrophobe CLOWN
100%
Donne une des 4 lettres du sigle qui désigne la technologie utilisant des champs électromagnétiques pour identifier et suivre automatiquement les étiquettes attachées aux objets (à l'aide de puces ????)
RFID
49%
Donne une des 2 lettres qu'on entend quand est prononcé à haute voix le mot qui désigne une personne qui ne croit pas en Dieu AT
38%
Donne une des 3 lettres qui désigne le nom du club de foot d'Eindhoven que supporte cette mascotte
PSV
38%
Donne la lettre qui complète le nom de la plus grande banque des États-Unis : ?PMorgan Chase & Co J
18%
Donne la lettre qui complète le nom de ce boys band français en image actif entre 1996 et 1998 : ?-Squad
G
6%
Aucun quiz correspondant
Distribution des résultats
% des personnes avec chaque résultat
Percentile par nombre de réponses
Votre historique - résultats
Vous n’avez pas pris ce quiz